Education of children with special needs (Record no. 490372)

000 -LEADER
fixed length control field 00726cam a22001937a 4500
008 - FIXED-LENGTH DATA ELEMENTS--GENERAL INFORMATION
fixed length control field 180718b2000 xxu||||| |||| 00| 0 eng d
082 ## - DEWEY DECIMAL CLASSIFICATION NUMBER
Classification number Px54 M896
100 ## - MAIN ENTRY--PERSONAL NAME
Personal name Mukhopadayay, Sudesh
245 ## - TITLE STATEMENT
Title Education of children with special needs
Statement of responsibility, etc. by Sudesh Mukhopadhyay and M.N.G. Mani
260 ## - PUBLICATION, DISTRIBUTION, ETC.
Place of publication, distribution, etc. New Delhi
Name of publisher, distributor, etc. National Institute of Educational Planning and Administration
Date of publication, distribution, etc. 2000
300 ## - PHYSICAL DESCRIPTION
Extent 28+p.
440 ## - SERIES STATEMENT/ADDED ENTRY--TITLE
Title Year 2000 assessment: education for all
650 ## - SUBJECT ADDED ENTRY--TOPICAL TERM
Topical term or geographic name entry element Education - India
700 ## - ADDED ENTRY--PERSONAL NAME
Personal name Unesco
700 ## - ADDED ENTRY--PERSONAL NAME
Personal name Indian National Commission for Cooperation
700 ## - ADDED ENTRY--PERSONAL NAME
Personal name India. Ministry of Human Resource Development
700 ## - ADDED ENTRY--PERSONAL NAME
Personal name National Institute of Educational Planning and Administration
700 ## - ADDED ENTRY--PERSONAL NAME
Personal name M.N.G. Mani
Holdings
Withdrawn status Lost status Damaged status Not for loan Permanent Location Current Location Date acquired Full call number Barcode Date last seen Price effective from Koha item type
        Indian Institute of Public Administration Indian Institute of Public Administration 2018-08-04 Px54 M896 GG23999 2018-08-04 2018-08-04 GG

Powered by Koha